<?xml version="1.0" encoding="UTF-8"?>
<collection xmlns="http://www.loc.gov/MARC21/slim">
  <record>
    <leader>00000nam  2200000   4500</leader>
    <controlfield tag="001">INLIS000000000011595</controlfield>
    <controlfield tag="005">20211201091749</controlfield>
    <datafield tag="035" ind1="#" ind2="#">
      <subfield code="a">0010-1221000004</subfield>
    </datafield>
    <datafield tag="245" ind1="1" ind2="#">
      <subfield code="a">SISTEM INFORMASI PENYELENGGARAAN ADMINISTRASI KEPEGAWAIAN (SI GAWAI) KECAMATAN BALIKPAPAN TENGAH /</subfield>
      <subfield code="c">VINA MARTHASARI WINARNO ,S.E</subfield>
    </datafield>
    <datafield tag="100" ind1="1" ind2="#">
      <subfield code="a">WINARNO, Vina Marthasari</subfield>
    </datafield>
    <datafield tag="250" ind1="#" ind2="#">
      <subfield code="a">1</subfield>
    </datafield>
    <datafield tag="300" ind1="#" ind2="#">
      <subfield code="a">22 halaman ; lampiran :</subfield>
      <subfield code="b">ilustrasi ;</subfield>
      <subfield code="c">30 cm</subfield>
    </datafield>
    <datafield tag="260" ind1="#" ind2="#">
      <subfield code="a">Samarinda :</subfield>
      <subfield code="b">Puslatbang KDOD,</subfield>
      <subfield code="c">2021</subfield>
    </datafield>
    <datafield tag="084" ind1="#" ind2="#">
      <subfield code="a">PKP 239 2021</subfield>
    </datafield>
    <datafield tag="650" ind1="#" ind2="#">
      <subfield code="a">Proyek Perubahan</subfield>
    </datafield>
    <datafield tag="650" ind1="#" ind2="#">
      <subfield code="a">Pengawas</subfield>
    </datafield>
    <datafield tag="650" ind1="#" ind2="#">
      <subfield code="a">manajemen sdm</subfield>
    </datafield>
    <datafield tag="650" ind1="#" ind2="#">
      <subfield code="a">kepegawaian</subfield>
    </datafield>
    <datafield tag="650" ind1="#" ind2="#">
      <subfield code="a">gaji pegawai</subfield>
    </datafield>
    <datafield tag="650" ind1="#" ind2="#">
      <subfield code="a">teknologi informas</subfield>
    </datafield>
    <datafield tag="650" ind1="#" ind2="#">
      <subfield code="a">sistem informasi</subfield>
    </datafield>
    <datafield tag="520" ind1="#" ind2="#">
      <subfield code="a">Laporan proyek perubahan ini menjelaskan tentang masalah kepegawaian dalam penghimpunan data secara menyeluruh dan urusan pelayanan kenaikan pangkat pegawai serta kenaikan gaji berkala yang belum optimal. Proyek perubahan SI GAWAI ( Sistem Informasi Penyelenggaraan Administrasi Kepegawaian) Kecamatan Balikpapan Tengah adalah aplikasi berbasis website dengan konsep data komprehensif digital kepegawaian dan sistem peringatan dini yang digunakan sebagai kelengkapan pengurusan kepegawaian dengan notifikasi peringatan dini proses administrasi kepegawaian  Kecamatan Balikpapan Tengah</subfield>
    </datafield>
    <datafield tag="500" ind1="#" ind2="#">
      <subfield code="a">Coach : Muhammad Harry Rahmadi, S.Pi., MM&#13;
Penguji : Dr. Rahmat, MA&#13;
Mentor ; Arsulul Chairi, S.Sos, M.Si</subfield>
    </datafield>
    <datafield tag="990" ind1="#" ind2="#">
      <subfield code="a">PKP/239/2021</subfield>
    </datafield>
  </record>
</collection>
